Actors who worked with Park Chan-wook - Statistics

General Stats
  • This quiz has been taken 6 times
  • The average score is 29 of 54
Answer Stats
Films Answer % Correct
Sympathy for Mr. Vengeance Ki Joo-bong
100%
Oldboy, Lady Vengeance Kim Byeong-ok
80%
The Handmaiden, Thirst Kim Hae-sook
80%
The Handmaiden Kim Min-hee
80%
Thirst Kim Ok-vin
80%
Lady Vengeance Kim Shi-hoo
80%
Decision to Leave Kim Shin-young
80%
The Handmaiden Kim Tae-ri
80%
Joint Security Area Kim Tae-woo
80%
Stoker Nicole Kidman
80%
Lady Vengeance, Sympathy for Mr. Vengeance, Thirst, Joint Security Area Song Kang-ho
80%
The Moon Is...the Sun's Dream Song Seung-hwan
80%
Thirst Song Young-chang
80%
Sympathy for Mr. Vengeance Bae Doona
60%
Decision to Leave Go Kyung-pyo
60%
The Handmaiden Ha Jung-woo
60%
Sympathy for Mr. Vengeance Han Bo-bae
60%
Stoker Matthew Goode
60%
Stoker Mia Wasikowska
60%
Lady Vengeance Nam Il-woo
60%
Decision to Leave Park Hae-il
60%
Thirst Park In-hawn
60%
Decision to Leave Park Yong-woo
60%
I'm a Cyborg, But That's OK Rain
60%
Decision to Leave Tang Wei
60%
Stoker Alden Ehrenreich
40%
The Moon Is...the Sun's Dream Bang Eun-hee
40%
Oldboy, Lady Vengeance Choi Min-sik
40%
The Handmaiden Cho Jin-woong
40%
Stoker Dermot Mulroney
40%
Thirst Ériq Ebouaney
40%
Sympathy for Mr. Vengeance Im Ji-eun
40%
Stoker Jacki Weaver
40%
Oldboy Ji Dae-han
40%
Decision to Leave Jun Yi-seo
40%
Oldboy Kang Hye-jung
40%
Lady Vengeance Kwon Yea-young
40%
Joint Security Area Lee Byung-hun
40%
Sympathy for Mr. Vengeance Lee Dae-yeon
40%
Decision to Leave Lee Jung-hyun
40%
The Moon Is...the Sun's Dream Lee Seung-chul
40%
Oldboy, Lady Vengeance Lee Seung-shin
40%
Lady Vengeance, Joint Security Area Lee Young-ae
40%
Lady Vengeance Lee Young-ae
40%
Stoker Lucas Till
40%
The Moon Is...the Sun's Dream Na Hyun-Hee
40%
Oldboy, Lady Vengeance, Thirst, I'm a Cyborg, But That's OK Oh Dal-su
40%
Lady Vengeance, Sympathy for Mr. Vengeance, Joint Security Area, Thirst Shin Ha-kyun
40%
Oldboy Yoo Ji-tae
40%
Oldboy Yoon Jin-seo
40%
Decision to Leave Yoo Seung-mok
40%
Joint Security Area Christoph Hofrichter
20%
I'm a Cyborg, But That's OK Lim Soo-jung
20%
The Handmaiden Moon So-ri
0%
No matching quizzes found
Score Distribution
Percent of People with Each Score
Percentile by Number Answered
Your Score History
You have not taken this quiz